000 00397pab a2200157 454500
008 180718b2012 xxu||||| |||| 00| 0 eng d
100 _aKasinath, H.M.
245 _aMethodology for applying qualitative methods in programmg evaluation
260 _c2012
300 _ap.7-14.
362 _a5 Nov
650 _aProgramme planning
773 _aUniversity News
908 _aN
909 _a97977
999 _c97976
_d97976